000
00259nam a2200109Ia 4500
008
190914s9999||||xx |||||||||||||| ||und||
100
_a
Jay Heizer
245
0
_a
Operations Management
260
_a
Canada
_b
Tata McGraw Hill
_c
1995
300
_a
364
942
_c
BK
999
_c
9713
_d
9713